000 01324cam a2200397 i 4500
001 23851064
005 20250416151128.0
008 240830t20242024nju b 000 0 eng d
010 _a 2023385319
020 _a9780691239125
020 _a0691239126
020 _z9780691239132
035 _a(OCoLC)on1394973059
041 1 _aeng
_agrc
_alat
_hgrc
_hlat
042 _alccopycat
043 _aff-----
_ae------
_aaw-----
082 0 4 _a332.6 GRI
100 _aGrillo,Luca
245 0 0 _aHow to make money : An Ancient Guide to Wealth Management
260 _aNew Jersey
_bPrinnceton University Press
_c2024
264 1 _aPrinceton, New Jersey :
_bPrinceton University Press,
_c[2024]
264 4 _c©2024
300 _axvii, 228 pages ;
_c18 cm
336 _atext
_btxt
_2rdacontent
337 _aunmediated
_bn
_2rdamedia
338 _avolume
_bnc
_2rdacarrier
504 _aIncludes bibliographical references.
650 _aEconomic Conditions; History.
700 0 _aPliny,
700 0 _aPliny,
700 1 _aGrillo, Luca,
776 0 8 _iElectronic version:
_tHow to make money.
_dPrinceton : Princeton University Press, [2024]
_z9780691239132
_w(OCoLC)1428903979
906 _a7
_bcbc
_ccopycat
_d2
_encip
_f20
_gy-gencatlg
942 _cBK
999 _c43484
_d43484